000
00292pam a2200145 a 4500
020
_c
041
_a
eng
082
_b
CHA
100
_a
Chang R .
245
_a
Chemistry
_h
Textual Documents
250
_a
1994.
260
_a
New Delhi
_b
McGraw Hill
300
_a
994 pg .
930
_a
11783
999
_c
88686
_d
88686